Statistics for Animated Country Flags

Click here to take the quiz!

General Stats

  • This quiz has been taken 800 times
  • The average score is 11 of 15

Answer Stats

FlagCountry% Correct
Mexico
97%
Japan
96%
Portugal
93%
Chile
83%
Pakistan
83%
Albania
81%
Algeria
79%
Syria
73%
Sri Lanka
72%
Barbados
68%
Géorgia
67%
Belarus
63%
Oman
61%
Mauritania
50%
Kiribati
49%

Score Distribution

Percentile by Number Answered

Percent of People with Each Score

Your Score History

You have not taken this quiz